Find the Sahara Desert Countries Quiz Stats

 Plays Quiz Updated Sep 18, 2016

Also try: Desert Countries
Challenge
Share
Tweet
Score 0/10 Timer 02:00
10 Plays Today
% Correct
Egypt
94.9%
Morocco
92.8%
Algeria
92.7%
Libya
92%
Tunisia
89.8%
Sudan
86.4%
Niger
85.7%
Mauritania
85.3%
Mali
84.2%
Chad
82.3%

You're not logged in!

Compare scores with friends on all Sporcle quizzes.
OR
Log In

You Might Also Like...

Show Comments

Extras

Top Quizzes Today


Score Distribution

Your Account Isn't Verified!

In order to create a playlist on Sporcle, you need to verify the email address you used during registration. Go to your Sporcle Settings to finish the process.

Report this User

Report this user for behavior that violates our Community Guidelines.

Details: